|
|
|
|
| LEADER |
00000nac a2200000 a 4500 |
| 001 |
111894 |
| 003 |
Ucuenca |
| 005 |
20230308220810.0 |
| 008 |
014100|2010 sp |||||r|||||||||||spa|| |
| 020 |
|
|
|a 9788436253030
|
| 040 |
|
|
|b spa
|
| 041 |
0 |
|
|a spa
|
| 082 |
0 |
|
|a 526
|
| 245 |
|
4 |
|a Los SIG raster en el campo medioambiental y territorial: ejercicios prácticos con Idrisi y Miramon
|c José Miguel Santos Preciado y David Cocero Matesanz
|h imp
|
| 264 |
|
|
|a Madrid
|b Universidad Nacional de Educación a Distancia
|c 2010
|
| 300 |
|
|
|a 430 páginas:
|b ilu
|c 24 cm
|e 1 CD ROOM
|
| 490 |
|
|
|a Ciencias Ambientales: Cuaderno de Prácticas
|
| 504 |
|
|
|a incl. ref.
|
| 520 |
3 |
|
|a Nos presenta los SIG raster y el tratamiento digital de imágenes en la resolución de problemas medioambientales y territoriales; los SIG MiraMon e IDRISI; una breve descripción de los espacios geográficos a utilizar en la realización de los ejercicios prácticos; estudios de capacidad e impacto ambiental; tratamiento de la i nformación en un Modelo Digital de Elevaciones (MDE).El libro nos propone una serie de ejercicios prácticos a realizar y nos ofrece la solución de los ejercicios planteados. Al ser un Cuaderno de Prácticas se acompaña de un conjunto de ejercicios y un CD-ROM con los ficheros para su ejecución. A lo largo de los 10 capítulos de los que consta el libro, el lector no iniciado se va introduciendo paulatinamente y sin dificultad en las técnicas del GIS ráster, aprendiendo a entender su dinámica de funcionamiento y su posibilidades de utilización práctica. La importancia que los autores dan a los ejemplos prácticos y la elección de los mismos, con el análisis de variables usuales en cualquier estudio ambiental o territorial es un aspecto digno de reseñar, pues el lector aprecia inmediatamente las posibilidades de aplicación de la técnica.
|
| 650 |
|
0 |
|a Diseño de mapas
|9 117737
|
| 650 |
|
0 |
|a Geomatica
|9 117458
|
| 650 |
|
4 |
|a Sistemas de información
|9 2544
|
| 650 |
|
0 |
|a Analisis espacial
|9 117459
|
| 650 |
|
0 |
|a Geografia espacial
|9 117460
|
| 650 |
|
0 |
|a Informacion geografica
|9 76767
|
| 650 |
|
0 |
|a Sig
|9 99424
|
| 650 |
|
0 |
|a Gis
|9 99283
|
| 700 |
1 |
|
|a Santos Preciado, José MIguel
|9 217004
|
| 700 |
1 |
|
|a Cocero Matesanz, David
|9 217005
|
| 852 |
|
|
|a UC-CDJBV
|f Compra
|l 1
|m General
|p 20141002
|q 60.26
|r 2
|t 111894
|v diuc
|y 521248
|b 0
|d CDRC
|e CDRC
|g 526 SEGUNDO PISO
|z 2014-41-00
|
| 856 |
|
|
|a http://sibuc.ucuenca.edu.ec/portada/111894.jpg
|
| 942 |
|
|
|c CR
|0 4
|
| 999 |
|
|
|c 134905
|d 134905
|